| 000 | 00583nam a22001457a 4500 | ||
|---|---|---|---|
| 999 |
_c11086 _d11086 |
||
| 008 | 181011b ||||| |||| 00| 0 eng d | ||
| 022 | _a16565649 | ||
| 082 | _aDPer 303.405 H22 June -Sept 2016 v.12 n. 7-10 | ||
| 100 |
_932087 _aSoon, Alvin. |
||
| 245 |
_aGetting started with omnifocus 2 for iphone, part 1: _bget control of your tasks, projects and goals/ _cAlvin Soon. |
||
| 260 |
_aQuezon City: _bHardware Zone Phils. Corp., _c©June -Sept 2016. |
||
| 300 |
_av12 n10, pages 86-88: _bIllustrations; _c28 cm. |
||
| 650 | 0 |
_932088 _aCellular telephones _xApplication. |
|
| 942 |
_2ddc _cPER |
||